Statistics for Word Scramble - Flowers

Click here to take the quiz!

General Stats

  • This quiz has been taken 26,638 times
    (26,595 since last reset)
  • The average score is 13 of 25

Answer Stats

Scramble Flower % Correct
ltuipTulip
100%
lyilLily
96%
dsyiaDaisy
95%
soerRose
94%
rsiiIris
93%
sotluLotus
84%
fiolfdadDaffodil
84%
odcirhOrchid
72%
alcliLilac
62%
insamjeJasmine
61%
efosnluwrSunflower
52%
ugneraimGeranium
50%
nyamheumtrhscChrysanthemum
50%
grdoalmiMarigold
48%
ibshucsiHibiscus
46%
ahaidlDahlia
44%
ainyhtchHyacinth
39%
anleervdLavender
34%
tpneauiPetunia
32%
nainziZinnia
29%
satreAster
23%
anolibevaiuglBougainvillea
15%
odasluiglGladiolus
11%
regrabeGerbera
11%
ouretsebTuberose
5%

Score Distribution

Percentile by Number Answered

Percent of People with Each Score

Your Score History

You have not taken this quiz since the last reset